Formación de buenos lectores en Latinoamérica
Furkejuvvon:
| Searvvušdahkkit: | , |
|---|---|
| Materiálatiipa: | Konfereansapublikašuvdna Girji |
| Giella: | Spanish |
| Almmustuhtton: |
San José, Costa Rica :
Ministerio de Educación Pública, Depto. de Publicaciones,
1984
|
| Fáttát: | |
| Fáddágilkorat: |
Lasit fáddágilkoriid
Eai fáddágilkorat, Lasit vuosttaš fáddágilkora!
|
MARC
| LEADER | 00000nam a2200000Ia 4500 | ||
|---|---|---|---|
| 008 | 180417b198 cr ||||| |||| 00| | spa d | ||
| 999 | |c 1724 |d 1724 | ||
| 090 | |a 06.03.04 |b 781 | ||
| 111 | 2 | |a Congreso Latinoamericano de Lectoescritura (1 : 1984 : San José, Costa Rica) |9 3564 | |
| 245 | 1 | 0 | |a Formación de buenos lectores en Latinoamérica |
| 260 | |a San José, Costa Rica : |b Ministerio de Educación Pública, Depto. de Publicaciones, |c 1984 | ||
| 300 | |a 451 páginas | ||
| 650 | 1 | 4 | |a EVALUACIÓN |9 287 |
| 650 | 1 | 4 | |a LECTURA |9 365 |
| 650 | 1 | 4 | |a CONFERENCIA |9 506 |
| 711 | |a Congreso Latinoamericano de Lectoescritura (1 : 1984 : San José, C. R.) | ||
| 942 | |i 001366 |h 06.03.04 781 |2 z |c 01 | ||
